[Event "TSV Kareth-Lappersdorf 1-SC NT Nuernber"]
[Site "?"]
[Date "2021.10.24"]
[Round "1.3"]
[White "Hoffmann, Sebastian"]
[Black "Hilge, Andreas"]
[Result "1-0"]
[WhiteElo "2157"]
[BlackElo "2073"]
[PlyCount "85"]
[EventDate "2021.??.??"]
[WhiteTeam "SC NT Nürnberg 1"]
[BlackTeam "TSV Kareth-Lappersdorf 1"]

1. e4 e5 2. Nf3 Nc6 3. Bc4 f5 4. d4 Qe7 5. Nc3 Nf6 6. O-O fxe4 7. dxe5 Nxe5 8.
Nxe5 Qxe5 9. Nd5 Nxd5 10. Bxd5 c6 11. Bxe4 Bd6 12. g3 O-O 13. Qd3 g6 14. Bxg6
hxg6 15. Qxg6+ Kh8 16. Bd2 Rf6 17. Qg4 Qf5 18. Qh4+ Kg7 19. Rae1 Bc5 20. g4 Qg6
21. Bc3 d5 22. Bxf6+ Qxf6 23. Qxf6+ Kxf6 24. Re8 b6 25. Rfe1 Bb7 26. Rxa8 Bxa8
27. Re8 Bb7 28. Rb8 Ba6 29. h4 Be2 30. g5+ Kf5 31. Rc8 Bb5 32. b3 Bd4 33. a4
Be2 34. Rxc6 Kg4 35. c3 Be5 36. Re6 Kf5 37. Re7 Bd1 38. g6 Bxc3 39. g7 Bxg7 40.
Rxg7 Bxb3 41. Rxa7 d4 42. Kf1 Ke4 43. Ke2 {

[Event "TSV Kareth-Lappersdorf 1-SC NT Nuernber"]
[Site "?"]
[Date "2021.10.24"]
[Round "1.4"]
[White "Kaiser, Dominik"]
[Black "Kabatianski, Alexander"]
[Result "0-1"]
[WhiteElo "2002"]
[BlackElo "2281"]
[PlyCount "74"]
[EventDate "2021.??.??"]
[WhiteTeam "TSV Kareth-Lappersdorf 1"]
[BlackTeam "SC NT Nürnberg 1"]

1. c4 e6 2. g3 d5 3. Bg2 Nf6 4. d3 Be7 5. Nf3 O-O 6. O-O b6 7. Nc3 Bb7 8. Nd2
Nbd7 9. e4 dxe4 10. Ndxe4 Qc8 11. d4 Rd8 12. Bf4 Nc5 13. Re1 Ncxe4 14. Nxe4 c5
15. d5 exd5 16. Nxf6+ Bxf6 17. cxd5 Bxb2 18. Re7 Bxa1 19. Rc7 Qf5 20. Rxb7 Be5
21. Bxe5 Qxe5 22. Qf3 Qa1+ 23. Bf1 Qf6 24. Qb3 Qd6 25. Bc4 Rdb8 26. Ba6 Rd8 27.
Bc4 Rd7 28. Rxd7 Qxd7 29. Bb5 Qe7 30. Bc6 Rd8 31. a4 g6 32. Qb5 h5 33. Qa6 Rd6
34. a5 Rf6 35. Qc8+ Kg7 36. f4 Qe3+ 37. Kg2 c4 {

[Event "TSV Kareth-Lappersdorf 1-SC NT Nuernber"]
[Site "?"]
[Date "2021.10.24"]
[Round "1.5"]
[White "Kirchner, Thomas"]
[Black "Strobel, Christian"]
[Result "1-0"]
[WhiteElo "2286"]
[BlackElo "2008"]
[PlyCount "135"]
[EventDate "2021.??.??"]
[WhiteTeam "SC NT Nürnberg 1"]
[BlackTeam "TSV Kareth-Lappersdorf 1"]

1. e4 e6 2. d4 d5 3. Bd3 c5 4. c3 Nc6 5. Ne2 cxd4 6. cxd4 Nb4 7. Bb5+ Bd7 8.
Bxd7+ Qxd7 9. a3 Nc6 10. e5 Nge7 11. Nbc3 Nf5 12. O-O Be7 13. Qd3 Qc7 14. Nxd5
Qd7 15. Nxe7 Kxe7 16. Bg5+ f6 17. exf6+ gxf6 18. Be3 Kf7 19. Rad1 Nce7 20. Qe4
Qd5 21. Nc3 Qxe4 22. Nxe4 Nd5 23. Rd3 Rad8 24. Rfd1 Rhg8 25. Bc1 b6 26. Kf1
Nfe7 27. Re1 Nf5 28. Red1 Nfe7 29. Rh3 Rg7 30. Bh6 Rg6 31. Bd2 Rg7 32. Rf3 Nf5
33. Bc3 Nh4 34. Rg3 Nf5 35. Rxg7+ Kxg7 36. Rd3 h5 37. g3 Kf7 38. Ke2 Rg8 39.
Be1 h4 40. Bd2 hxg3 41. hxg3 Rg4 42. Kf3 Rg8 43. Bf4 Nxf4 44. Kxf4 Nxd4 45. Ke3
e5 46. Rc3 a5 47. Rc7+ Ke6 48. Rb7 f5 49. Rxb6+ Ke7 50. Nd6 Rg4 51. Nc4 Nc2+
52. Kd3 Ne1+ 53. Kc3 Re4 54. Nd6 Re2 55. Nxf5+ Kd7 56. Rd6+ Kc7 57. Rd2 Re4 58.
Nd6 Rg4 59. Nc4 Nf3 60. Re2 e4 61. Nxa5 Ng1 62. Rc2 Kb6 63. Nc4+ Kb5 64. Ne3
Rg8 65. Kd4 Re8 66. Rc5+ Ka4 67. Kc4 Nf3 68. Kc3 {

[Event "TSV Kareth-Lappersdorf 1-SC NT Nuernber"]
[Site "?"]
[Date "2021.10.24"]
[Round "1.6"]
[White "Kues, Manuel"]
[Black "Promyshlyanskyy, Vitaliy"]
[Result "1-0"]
[WhiteElo "1992"]
[BlackElo "2252"]
[PlyCount "101"]
[EventDate "2021.??.??"]
[WhiteTeam "TSV Kareth-Lappersdorf 1"]
[BlackTeam "SC NT Nürnberg 1"]

1. e4 Nc6 2. Nf3 d6 3. d4 Nf6 4. Nc3 g6 5. Bg5 Bg7 6. Qd2 h6 7. Bf4 d5 8. exd5
Nxd5 9. Bc4 Nb6 10. Bb3 Bg4 11. Nb5 Rc8 12. Bxc7 Qd7 13. Bxb6 axb6 14. Qf4 O-O
15. O-O Na5 16. Ba4 e5 17. Nxe5 Bxe5 18. Qxe5 Nc4 19. Qf4 Nxb2 20. Bb3 g5 21.
Qd6 Qxb5 22. Qg6+ Kh8 23. Qxh6+ Kg8 24. Qg6+ Kh8 25. Qf6+ Kh7 26. d5 Be2 27.
Rfe1 Nd1 28. Raxd1 Bxd1 29. Rxd1 Qe2 30. Qf5+ Kh6 31. Qf6+ Kh7 32. Rf1 Qh5 33.
c4 Qg6 34. Qe7 Rce8 35. Qxb7 Kg7 36. Qc7 Rh8 37. d6 Qh6 38. d7 Rd8 39. Qe5+ Qf6
40. Qd5 Qe7 41. Rd1 Rh6 42. Ba4 Re6 43. g3 Re2 44. Qd4+ Qf6 45. Qxf6+ Kxf6 46.
Rd6+ Ke7 47. Rxb6 Rxa2 48. Bb5 Rc2 49. Ra6 Rb8 50. Ra3 Rb6 51. Ra8 {[Event
"TSV Kareth-Lappersdorf NT Nuernberg} 1-0

[Event "TSV Kareth-Lappersdorf 1-SC NT Nuernber"]
[Site "?"]
[Date "2021.10.24"]
[Round "1.7"]
[White "Heimrath, Reiner"]
[Black "Seidl, Juergen"]
[Result "1-0"]
[WhiteElo "2127"]
[BlackElo "2015"]
[PlyCount "111"]
[EventDate "2021.??.??"]
[WhiteTeam "SC NT Nürnberg 1"]
[BlackTeam "TSV Kareth-Lappersdorf 1"]

1. e4 g6 2. Nc3 Bg7 3. g3 d6 4. Bg2 Nc6 5. Nge2 e5 6. O-O Be6 7. Nd5 Qd7 8. c3
Nce7 9. d4 c6 10. Nxe7 Nxe7 11. dxe5 dxe5 12. Qxd7+ Bxd7 13. Be3 O-O 14. Nc1
Rfd8 15. Nb3 b6 16. Rfd1 Be6 17. Bf1 Kf8 18. Be2 Ke8 19. Nd2 Rd7 20. Nc4 Rad8
21. Rxd7 Rxd7 22. a4 Nc8 23. f3 f6 24. Kf2 Bf8 25. Ke1 Nd6 26. Nxd6+ Bxd6 27.
a5 b5 28. a6 Bb3 29. Kf2 Ke7 30. h4 f5 31. exf5 gxf5 32. f4 Ke6 33. Re1 Bd5 34.
fxe5 Bxe5 35. Bf3 Be4 36. g4 Bxf3 37. Kxf3 fxg4+ 38. Kxg4 Rg7+ 39. Kh5 Kd5 40.
Kh6 Re7 41. Kh5 Bg3 42. Rd1+ Ke4 43. Bg5 Rf7 44. Rd4+ Ke5 45. Kg4 Bh2 46. Rd8
Ke6 47. Be3 Be5 48. Ra8 Rg7+ 49. Kf3 Kd5 50. Rxa7 Rg3+ 51. Kf2 Ke4 52. Bb6 Rh3
53. Re7 Rh2+ 54. Kg1 Rxb2 55. Bd4 Ra2 56. a7 {

[Event "TSV Kareth-Lappersdorf 1-SC NT Nuernber"]
[Site "?"]
[Date "2021.10.24"]
[Round "1.8"]
[White "Paerr, Manfred"]
[Black "Petrashov, Alexander"]
[Result "0-1"]
[WhiteElo "2081"]
[BlackElo "2069"]
[PlyCount "48"]
[EventDate "2021.??.??"]
[WhiteTeam "TSV Kareth-Lappersdorf 1"]
[BlackTeam "SC NT Nürnberg 1"]

1. e4 e6 2. d4 d5 3. exd5 exd5 4. Bd3 Nf6 5. Ne2 Bd6 6. c3 Nc6 7. Bg5 Qe7 8.
Qb3 O-O 9. Bxf6 Qxf6 10. Qxd5 Ne7 11. Qf3 Qxf3 12. gxf3 Bh3 13. Nd2 Ng6 14. Be4
c6 15. Bxg6 fxg6 16. O-O-O Bg2 17. Rhg1 Bxf3 18. Nxf3 Rxf3 19. Rg2 Raf8 20. Rf1
R8f6 21. Kd2 Kf7 22. Ng3 Re6 23. Re1 Bf4+ 24. Kd1 Rd3+ 0-1

[Event "SC Garching 1-SC NT Nuernberg 1"]
[Site "?"]
[Date "2021.11.14"]
[Round "2.1"]
[White "Milov, Leonid"]
[Black "Koepke, Christian"]
[Result "1/2-1/2"]
[WhiteElo "2427"]
[BlackElo "2336"]
[PlyCount "37"]
[EventDate "2021.??.??"]
[WhiteTeam "SC NT Nürnberg 1"]
[BlackTeam "SC Garching 1"]

1. f4 b6 2. e4 Bb7 3. Nc3 e6 4. Nf3 d5 5. Bb5+ c6 6. Be2 dxe4 7. Nxe4 Nd7 8. c3
c5 9. Qa4 a6 10. O-O Be7 11. d3 Ngf6 12. Nxf6+ Bxf6 13. Be3 O-O 14. d4 Qc7 15.
Rad1 Rfd8 16. Qc2 cxd4 17. Nxd4 Nc5 18. Bf3 g6 19. Bxb7 {

[Event "SC Garching 1-SC NT Nuernberg 1"]
[Site "?"]
[Date "2021.11.14"]
[Round "2.2"]
[White "Rusche, Johannes"]
[Black "Yelisieiev, Yevhenii"]
[Result "1-0"]
[WhiteElo "2287"]
[BlackElo "2437"]
[PlyCount "157"]
[EventDate "2021.??.??"]
[WhiteTeam "SC Garching 1"]
[BlackTeam "SC NT Nürnberg 1"]

1. e4 d6 2. d4 Nf6 3. Nc3 e5 4. Nf3 Nbd7 5. Bc4 Be7 6. O-O O-O 7. Re1 c6 8. a4
exd4 9. Qxd4 Ne5 10. Nxe5 dxe5 11. Qxe5 Ng4 12. Qf4 Bd6 13. Qg5 Bxh2+ 14. Kh1
Bc7 15. Qxd8 Rxd8 16. f3 Bg3 17. Rf1 Ne5 18. Bb3 Be6 19. Bg5 Rd7 20. Bxe6 fxe6
21. Rad1 Rxd1 22. Rxd1 Bf2 23. Bf4 Ng6 24. Bh2 Bb6 25. Bg1 Nf8 26. b4 Bc7 27.
a5 b6 28. a6 Kf7 29. b5 c5 30. Bh2 Bxh2 31. Kxh2 Ke7 32. f4 Nd7 33. Kg3 Rf8 34.
Kg4 Nf6+ 35. Kf3 Ne8 36. e5 Nc7 37. Ke4 g5 38. g3 gxf4 39. gxf4 h5 40. Rg1 Rf7
41. Rh1 Rh7 42. Rh4 Kf7 43. f5 exf5+ 44. Kxf5 Ne6 45. Ne2 Ke7 46. c4 Rf7+ 47.
Ke4 Rf2 48. Ng3 Ng5+ 49. Kd5 Ne6 50. Kc6 Rf3 51. Nxh5 Rf7 52. Nf6 Nd4+ 53. Kd5
Nf5 54. Rh3 Rg7 55. Ne4 Kd7 56. e6+ Ke7 57. Rf3 Nh6 58. Nd6 Rg5+ 59. Kc6 Kxe6
60. Re3+ Re5 61. Rh3 Ng8 62. Nc8 Re4 63. Rh8 Nf6 64. Nxa7 Rxc4 65. Nc8 Ra4 66.
Nxb6 Ra1 67. Nc4 Ra4 68. Kxc5 Nd7+ 69. Kd4 Ra1 70. Re8+ Kf7 71. Re3 Rd1+ 72.
Rd3 Rh1 73. a7 Rh8 74. Ne5+ Ke6 75. Nxd7 Kxd7 76. Kc5+ Kc7 77. Ra3 Ra8 78. Rh3
Kc8 79. Kc6 {

[Event "SC Garching 1-SC NT Nuernberg 1"]
[Site "?"]
[Date "2021.11.14"]
[Round "2.3"]
[White "Hoffmann, Sebastian"]
[Black "Koepke, Elena"]
[Result "0-1"]
[WhiteElo "2157"]
[BlackElo "2261"]
[PlyCount "46"]
[EventDate "2021.??.??"]
[WhiteTeam "SC NT Nürnberg 1"]
[BlackTeam "SC Garching 1"]

1. e4 e5 2. Nf3 Nf6 3. Nc3 Nc6 4. d4 exd4 5. Nxd4 Bb4 6. Nxc6 bxc6 7. Bd3 O-O
8. O-O d5 9. exd5 cxd5 10. h3 Rb8 11. Qf3 Bb7 12. Bg5 Be7 13. Ne2 c5 14. c3 c4
15. Bxf6 Bxf6 16. Bf5 g6 17. Bb1 d4 18. Qf4 d3 19. Nd4 Bxd4 20. Qxd4 Qxd4 21.
cxd4 Ba6 22. b3 c3 23. Rd1 d2 {

[Event "SC Garching 1-SC NT Nuernberg 1"]
[Site "?"]
[Date "2021.11.14"]
[Round "2.4"]
[White "Seifert, Volker"]
[Black "Kabatianski, Alexander"]
[Result "1/2-1/2"]
[WhiteElo "2243"]
[BlackElo "2281"]
[PlyCount "84"]
[EventDate "2021.??.??"]
[WhiteTeam "SC Garching 1"]
[BlackTeam "SC NT Nürnberg 1"]

1. d4 Nf6 2. c4 e6 3. Nc3 Bb4 4. Qc2 O-O 5. Nf3 c5 6. dxc5 Na6 7. Bd2 Nxc5 8.
a3 Bxc3 9. Bxc3 b6 10. Ng5 Re8 11. b4 h6 12. bxc5 hxg5 13. h4 Bb7 14. hxg5 Ne4
15. f3 Nxc3 16. Qh7+ Kf8 17. Qh8+ Ke7 18. Qxg7 Rg8 19. Qxc3 Rxg5 20. Rh6 Rg8
21. Rb1 Qc7 22. cxb6 Qg3+ 23. Kd2 axb6 24. Qb4+ Ke8 25. Qxb6 Bc6 26. Rh5 Qd6+
27. Ke1 Qxa3 28. Qb2 Ke7 29. Qxa3+ Rxa3 30. Kf2 f5 31. g3 Rc3 32. Rb4 Kd6 33.
Rh4 Ra8 34. Rb2 Ke5 35. Bg2 Ra4 36. Rh5 Kd6 37. Rd2+ Kc7 38. f4 Bxg2 39. Kxg2
Rcxc4 40. Rh7 Rd4 41. Rxd4 Rxd4 42. Kf3 Kd6 {

[Event "SC Garching 1-SC NT Nuernberg 1"]
[Site "?"]
[Date "2021.11.14"]
[Round "2.6"]
[White "Pitschka, Claus"]
[Black "Kirchner, Thomas"]
[Result "1/2-1/2"]
[WhiteElo "2175"]
[BlackElo "2286"]
[PlyCount "58"]
[EventDate "2021.??.??"]
[WhiteTeam "SC Garching 1"]
[BlackTeam "SC NT Nürnberg 1"]

1. d4 Nf6 2. Bf4 b6 3. Nf3 Bb7 4. Nbd2 g6 5. h3 Bg7 6. e3 d6 7. Bd3 Nbd7 8. O-O
O-O 9. Bh2 Re8 10. e4 e5 11. d5 Nc5 12. Qe2 a6 13. b4 Nfxe4 14. Bxe4 Nxe4 15.
Qxe4 f5 16. Qe3 Bxd5 17. c4 Bb7 18. Rae1 Qd7 19. Re2 h6 20. Rfe1 Kh7 21. Nf1
Qc6 22. Qc1 Qa4 23. a3 Qd7 24. Ne3 a5 25. Nd5 axb4 26. axb4 Qf7 27. Nxe5 dxe5
28. Bxe5 Bxd5 29. cxd5 Bxe5 {

[Event "SC Garching 1-SC NT Nuernberg 1"]
[Site "?"]
[Date "2021.11.14"]
[Round "2.7"]
[White "Heimrath, Reiner"]
[Black "Ruecker, Benjamin"]
[Result "1/2-1/2"]
[WhiteElo "2127"]
[BlackElo "2158"]
[PlyCount "150"]
[EventDate "2021.??.??"]
[WhiteTeam "SC NT Nürnberg 1"]
[BlackTeam "SC Garching 1"]

1. e4 c5 2. Nc3 d6 3. g3 g6 4. Bg2 Bg7 5. Nge2 Nc6 6. d3 e6 7. O-O Nge7 8. a3
Rb8 9. Be3 Nd4 10. Qd2 O-O 11. Rac1 Nxe2+ 12. Qxe2 b6 13. Qd2 Re8 14. Bh6 Bh8
15. Bg5 Bb7 16. Rce1 Qd7 17. h4 Nc6 18. Nd1 d5 19. exd5 exd5 20. c3 d4 21. c4
Ne5 22. f3 b5 23. b3 bxc4 24. bxc4 h5 25. Bf4 Qa4 26. Bxe5 Bxe5 27. f4 Bxg2 28.
Qxg2 Bg7 29. f5 Rxe1 30. Rxe1 Rb1 31. Qe2 Kh7 32. Rf1 Qxa3 33. fxg6+ fxg6 34.
Rf7 Qa4 35. Rf1 Qd7 36. Qc2 Qb7 37. Kh2 a5 38. Kh3 Qd7+ 39. Kh2 Rb6 40. Nf2 a4
41. Ra1 Qb7 42. Qxa4 Qf3 43. Ra2 Rb1 44. Qa8 Qe3 45. Kg2 Qc1 46. Qe4 Qf1+ 47.
Kh2 Qg1+ 48. Kh3 Re1 49. Qg2 Qxg2+ 50. Kxg2 Re3 51. Ra7 Kg8 52. Ra8+ Bf8 53.
Ne4 Kf7 54. Ng5+ Kg8 55. Rc8 Kg7 56. Rc7+ Be7 57. Ne4 Kf8 58. Nxc5 Bxc5 59.
Rxc5 Ke7 60. Rg5 Kf6 61. Kf2 Rxd3 62. Ke2 Re3+ 63. Kd2 Rc3 64. c5 Kf7 65. Rd5
Kg7 66. Rxd4 Rxc5 67. Ke3 g5 68. hxg5 Kg6 69. Rd8 Kxg5 70. Rg8+ Kf5 71. Kf3
Rc3+ 72. Kg2 Rc2+ 73. Kh3 Rc4 74. Rb8 Ra4 75. Rb5+ Kg6 {

[Event "SC Garching 1-SC NT Nuernberg 1"]
[Site "?"]
[Date "2021.11.14"]
[Round "2.8"]
[White "Schoellmann, Jochen"]
[Black "Petrashov, Alexander"]
[Result "1/2-1/2"]
[WhiteElo "2118"]
[BlackElo "2069"]
[PlyCount "77"]
[EventDate "2021.??.??"]
[WhiteTeam "SC Garching 1"]
[BlackTeam "SC NT Nürnberg 1"]

1. e4 e6 2. d4 d5 3. Nc3 Nf6 4. Bg5 dxe4 5. Nxe4 Be7 6. Bxf6 Bxf6 7. Nf3 O-O 8.
c3 Nd7 9. Bd3 e5 10. Nxf6+ Qxf6 11. dxe5 Nxe5 12. Nxe5 Qxe5+ 13. Qe2 Re8 14.
Qxe5 Rxe5+ 15. Kd2 Be6 16. Kc2 Bd5 17. f3 Rae8 18. Rhd1 h5 19. h4 g5 20. hxg5
Rxg5 21. Bf1 h4 22. Re1 Rxe1 23. Rxe1 h3 24. gxh3 Bxf3 25. Re7 c5 26. Bc4 Rf5
27. Kd2 Bg2 28. Ke3 Kf8 29. Rc7 Bc6 30. Be2 Kg7 31. Bg4 Re5+ 32. Kf2 c4 33. Be2
Re4 34. Bh5 Rf4+ 35. Ke3 Rf5 36. Be2 Re5+ 37. Kf2 Rf5+ 38. Ke3 Re5+ 39. Kf2 {

[Event "SG Pang-Rosenheim 1-TSV Kareth-Lappersd"]
[Site "?"]
[Date "2021.11.14"]
[Round "2.1"]
[White "Heika, Martin"]
[Black "Marcelin, Cyril"]
[Result "1/2-1/2"]
[WhiteElo "2239"]
[BlackElo "2398"]
[PlyCount "49"]
[EventDate "2021.??.??"]
[WhiteTeam "TSV Kareth-Lappersdorf 1"]
[BlackTeam "SG Pang-Rosenheim 1"]

1. e4 Nf6 2. e5 Nd5 3. d4 d6 4. c4 Nb6 5. exd6 cxd6 6. Nc3 g6 7. Be3 Bg7 8. Rc1
O-O 9. Be2 d5 10. b3 e5 11. dxe5 dxc4 12. Qxd8 Rxd8 13. Nb5 cxb3 14. axb3 Nc6
15. Nxa7 Nd5 16. Nxc6 bxc6 17. Bg5 Re8 18. Nf3 Bxe5 19. O-O Bf4 20. Bxf4 Nxf4
21. Bc4 Be6 22. Nd4 Bxc4 23. Rxc4 Ne2+ 24. Nxe2 Rxe2 25. Rxc6 {

[Event "SG Pang-Rosenheim 1-TSV Kareth-Lappersd"]
[Site "?"]
[Date "2021.11.14"]
[Round "2.2"]
[White "Kreisl, Robert"]
[Black "Klimpel, Thomas"]
[Result "1-0"]
[WhiteElo "2414"]
[BlackElo "2051"]
[PlyCount "71"]
[EventDate "2021.??.??"]
[WhiteTeam "SG Pang-Rosenheim 1"]
[BlackTeam "TSV Kareth-Lappersdorf 1"]

1. Nf3 g6 2. g3 Bg7 3. Bg2 d6 4. d4 Nf6 5. b3 O-O 6. Bb2 Nc6 7. O-O e5 8. dxe5
Ng4 9. c4 Ngxe5 10. Nc3 Nxf3+ 11. exf3 Be6 12. Qd2 Nd4 13. Rad1 Re8 14. Rfe1 h5
15. h4 Qd7 16. Kh2 Bf5 17. Nd5 c5 18. Re3 Re6 19. Nf4 Ree8 20. Nd5 Re6 21. Nf4
Ree8 22. Rde1 Be6 23. Nxe6 fxe6 24. f4 e5 25. fxe5 dxe5 26. Qd3 Kh7 27. Bxd4
exd4 28. Rxe8 Rxe8 29. Rxe8 Qxe8 30. Bxb7 Qe1 31. Kg2 Qe6 32. Be4 Qa6 33. Qf3
Kh8 34. Qf4 Kg8 35. Qg5 Qxa2 36. Qxg6 {

[Event "SG Pang-Rosenheim 1-TSV Kareth-Lappersd"]
[Site "?"]
[Date "2021.11.14"]
[Round "2.3"]
[White "Hilge, Andreas"]
[Black "Blaskowski, Johannes"]
[Result "1-0"]
[WhiteElo "2073"]
[BlackElo "2249"]
[PlyCount "53"]
[EventDate "2021.??.??"]
[WhiteTeam "TSV Kareth-Lappersdorf 1"]
[BlackTeam "SG Pang-Rosenheim 1"]

1. e4 c5 2. f4 g6 3. Nf3 Bg7 4. d3 b5 5. g3 Bb7 6. Qe2 Nc6 7. Bg2 d6 8. O-O Qb6
9. c3 e6 10. h3 Nge7 11. Kh2 O-O 12. Re1 Rae8 13. Nbd2 b4 14. Nc4 Qc7 15. e5
Nc8 16. Be3 bxc3 17. bxc3 Ba6 18. Rac1 Na5 19. Ncd2 Rd8 20. c4 Bb7 21. Qf2 Rfe8
22. Ne4 Bxe4 23. dxe4 dxe5 24. Nxe5 Bf8 25. Ng4 Be7 26. Qb2 Nc6 27. Nh6+ {

[Event "SG Pang-Rosenheim 1-TSV Kareth-Lappersd"]
[Site "?"]
[Date "2021.11.14"]
[Round "2.4"]
[White "Neuschmied, Siegfried"]
[Black "Kaiser, Dominik"]
[Result "1-0"]
[WhiteElo "2224"]
[BlackElo "2002"]
[PlyCount "119"]
[EventDate "2021.??.??"]
[WhiteTeam "SG Pang-Rosenheim 1"]
[BlackTeam "TSV Kareth-Lappersdorf 1"]

1. e4 c6 2. d4 d5 3. exd5 cxd5 4. Bd3 Nc6 5. c3 Nf6 6. h3 g6 7. Nf3 Bf5 8. Be2
Bxb1 9. Rxb1 Qc7 10. O-O Bg7 11. Bd3 O-O 12. Re1 Nh5 13. Qd2 e5 14. dxe5 Nxe5
15. Nxe5 Bxe5 16. Be2 Nf6 17. Bf3 Bh2+ 18. Kh1 Rfe8 19. Rf1 Ne4 20. Qd1 Rad8
21. Be3 Bf4 22. Bc1 Bd6 23. Bh6 Bc5 24. Qc2 Qe5 25. Bxe4 dxe4 26. Qe2 Rd3 27.
Rbe1 Bd6 28. g3 Qd5 29. Kh2 g5 30. Qg4 f6 31. h4 e3 32. hxg5 fxg5 33. Bxg5 Re4
34. Bf4+ Kf7 35. fxe3 Rd2+ 36. Re2 Ke8 37. Qc8+ Ke7 38. Bxd6+ Kxd6 39. Rf6+ Ke7
40. Qf8+ Kd7 41. Rf7+ Kc6 42. Qc8+ Kb6 43. Qxb7+ Qxb7 44. Rxb7+ Kxb7 45. Rxd2
Rxe3 46. Kh3 Kc6 47. Kh4 a5 48. g4 a4 49. a3 Re5 50. Rd4 Kb5 51. Rb4+ Ka5 52.
g5 Re1 53. Kh5 Re2 54. c4 Re7 55. Rb8 Ra7 56. Kh6 Ka6 57. c5 Rc7 58. c6 Ka5 59.
Rb7 Rxc6+ 60. Kxh7 {

[Event "SG Pang-Rosenheim 1-TSV Kareth-Lappersd"]
[Site "?"]
[Date "2021.11.14"]
[Round "2.5"]
[White "Strobel, Christian"]
[Black "Duer, Werner"]
[Result "0-1"]
[WhiteElo "2008"]
[BlackElo "2234"]
[PlyCount "68"]
[EventDate "2021.??.??"]
[WhiteTeam "TSV Kareth-Lappersdorf 1"]
[BlackTeam "SG Pang-Rosenheim 1"]

1. e4 c6 2. d4 d5 3. exd5 cxd5 4. Bd3 Nc6 5. c3 Nf6 6. Bf4 g6 7. Nf3 Bg7 8. O-O
O-O 9. Re1 Bf5 10. Bf1 Ne4 11. h3 f6 12. c4 g5 13. Bh2 e6 14. Nc3 Qd7 15. cxd5
exd5 16. Qb3 Nxc3 17. bxc3 Rfe8 18. Rac1 Bf8 19. c4 Na5 20. Qb5 Nxc4 21. Bxc4
dxc4 22. Qxc4+ Be6 23. Qd3 Rac8 24. Qd2 Qd5 25. Re5 Rxc1+ 26. Qxc1 fxe5 27.
Qxg5+ Bg7 28. Bxe5 Qd7 29. Nh4 Qe7 30. Qg3 Kh8 31. f4 Rg8 32. f5 Bd5 33. Ng6+
hxg6 34. Qxg6 Bxe5 {

[Event "SG Pang-Rosenheim 1-TSV Kareth-Lappersd"]
[Site "?"]
[Date "2021.11.14"]
[Round "2.6"]
[White "Maurer, Jochen"]
[Black "Kues, Manuel"]
[Result "1/2-1/2"]
[WhiteElo "2184"]
[BlackElo "1992"]
[PlyCount "61"]
[EventDate "2021.??.??"]
[WhiteTeam "SG Pang-Rosenheim 1"]
[BlackTeam "TSV Kareth-Lappersdorf 1"]

1. e4 c5 2. Nf3 e6 3. c3 Nc6 4. d4 d5 5. exd5 exd5 6. Bb5 Nf6 7. O-O Be7 8. Ne5
Qb6 9. Qa4 Bd7 10. Nxd7 Nxd7 11. Re1 Nf8 12. dxc5 Qxc5 13. Be3 Qd6 14. c4 d4
15. Bxd4 Ne6 16. Be5 Qd7 17. Nc3 O-O 18. Nd5 Bg5 19. Rad1 Qc8 20. Bd6 Re8 21.
f4 Bh4 22. Rf1 Ned4 23. Bxc6 Ne2+ 24. Kh1 bxc6 25. Nc7 Qg4 26. Rd3 Nxf4 27.
Qxc6 Nxd3 28. Nxe8 Nf2+ 29. Kg1 Nh3+ 30. Kh1 Nf2+ 31. Kg1 {

[Event "SG Pang-Rosenheim 1-TSV Kareth-Lappersd"]
[Site "?"]
[Date "2021.11.14"]
[Round "2.7"]
[White "Seidl, Juergen"]
[Black "Wittmann, Matthias"]
[Result "0-1"]
[WhiteElo "2015"]
[BlackElo "2138"]
[PlyCount "68"]
[EventDate "2021.??.??"]
[WhiteTeam "TSV Kareth-Lappersdorf 1"]
[BlackTeam "SG Pang-Rosenheim 1"]

1. d4 Nf6 2. c4 c5 3. d5 b5 4. Qc2 b4 5. e4 d6 6. Bd3 g6 7. Ne2 Bg7 8. Ng3 O-O
9. Nd2 e5 10. h4 h5 11. Nf3 a5 12. Bg5 a4 13. Qd2 Kh7 14. O-O Nbd7 15. Nh2 Qe8
16. Qd1 Kg8 17. Nh1 Nh7 18. g4 Ndf6 19. Bxf6 Nxf6 20. f3 Qd7 21. Nf2 Qe7 22.
Qd2 Nh7 23. g5 f6 24. Kh1 fxg5 25. Rg1 g4 26. fxg4 Qxh4 27. Raf1 Ng5 28. Rg2
hxg4 29. Nfxg4 Rxf1+ 30. Bxf1 Nxe4 31. Qe3 Nf6 32. Nxf6+ Qxf6 33. Bd3 Bf5 34.
Kg1 e4 {

[Event "SG Pang-Rosenheim 1-TSV Kareth-Lappersd"]
[Site "?"]
[Date "2021.11.14"]
[Round "2.8"]
[White "Kobl, Rudolf"]
[Black "Paerr, Manfred"]
[Result "0-1"]
[WhiteElo "2096"]
[BlackElo "2081"]
[PlyCount "80"]
[EventDate "2021.??.??"]
[WhiteTeam "SG Pang-Rosenheim 1"]
[BlackTeam "TSV Kareth-Lappersdorf 1"]

1. e4 e5 2. Nf3 Nc6 3. Bc4 Nf6 4. d4 exd4 5. O-O d6 6. Nxd4 Be7 7. Nxc6 bxc6 8.
Nc3 O-O 9. Qe2 Re8 10. Rd1 Ng4 11. Bb3 Bf6 12. h3 Ne5 13. f4 Ng6 14. Qc4 Qd7
15. e5 d5 16. Qd4 Be7 17. Qf2 h5 18. Ba4 Qe6 19. Be3 Nh4 20. Bxa7 Nxg2 21. Bd4
Nh4 22. Rd3 Ba6 23. Rg3 Nf5 24. Rg2 Rab8 25. Bb3 Qh6 26. Kh2 Rb4 27. Ne2 Bxe2
28. c3 Rb7 29. Qxe2 Qxf4+ 30. Kg1 Nxd4 31. cxd4 Qxd4+ 32. Kh1 Bf6 33. Qa6 Rb6
34. Qa7 Qxe5 35. Rag1 Rb4 36. Qa5 Rh4 37. Rg3 Qf5 38. Qxc7 Be5 39. Qxc6 Rxh3+
40. Kg2 Rxg3+ {

[Event "SC Groebenzell 1-SG Post/Sued Regensbur"]
[Site "?"]
[Date "2021.11.14"]
[Round "2.1"]
[White "Schmid, Roland"]
[Black "Schuster, Karsten"]
[Result "1/2-1/2"]
[WhiteElo "2309"]
[BlackElo "2285"]
[PlyCount "92"]
[EventDate "2021.??.??"]
[WhiteTeam "SG Post/Süd Regensburg 1"]
[BlackTeam "SC Gröbenzell 1"]

1. c4 c6 2. Nf3 d5 3. e3 Nf6 4. Nc3 a6 5. Be2 Bg4 6. h3 Bxf3 7. Bxf3 e6 8. b3
Be7 9. O-O O-O 10. d4 b5 11. Qc2 Nbd7 12. e4 b4 13. Ne2 dxe4 14. Bxe4 Nxe4 15.
Qxe4 Qb6 16. Be3 Qb7 17. Rad1 a5 18. Nf4 Nf6 19. Qf3 Bd6 20. Nd3 Rfc8 21. Rfe1
a4 22. Bd2 axb3 23. axb3 Ra3 24. Rb1 Bf8 25. g4 Rd8 26. g5 Ne8 27. Be3 Ra5 28.
Ne5 Rc8 29. c5 g6 30. Ng4 Bg7 31. Rbd1 Rd8 32. Bf4 Rxd4 33. Nh6+ Kf8 34. Rxd4
Bxd4 35. Rxe6 Bxc5 36. Qxc6 Qxc6 37. Rxc6 Be7 38. Rb6 Ra3 39. Rb7 Rxb3 40. Be3
Rb1+ 41. Kg2 b3 42. Bc5 Re1 43. Bxe7+ Rxe7 44. Rxb3 f5 45. gxf6 Nxf6 46. Ng4
Kg7 {

[Event "SC Groebenzell 1-SG Post/Sued Regensbur"]
[Site "?"]
[Date "2021.11.14"]
[Round "2.3"]
[White "Pohl-Kuemmel, Jens-Uwe"]
[Black "Pieper, Thomas"]
[Result "1/2-1/2"]
[WhiteElo "2213"]
[BlackElo "2213"]
[PlyCount "95"]
[EventDate "2021.??.??"]
[WhiteTeam "SG Post/Süd Regensburg 1"]
[BlackTeam "SC Gröbenzell 1"]

1. Nf3 Nf6 2. c4 g6 3. g3 Bg7 4. Bg2 O-O 5. Nc3 d6 6. O-O c5 7. d4 Nc6 8. h3
cxd4 9. Nxd4 Nxd4 10. Qxd4 Be6 11. Qh4 Rc8 12. b3 Rc5 13. Bd2 Rh5 14. Qd4 Nd5
15. Qd3 Nxc3 16. Bxc3 Bxc3 17. Qxc3 Bxh3 18. Bxh3 Rxh3 19. Rad1 Qc8 20. Kg2 Rh5
21. Rh1 Rxh1 22. Rxh1 Qe6 23. Qf3 Rb8 24. Rh4 f5 25. e4 fxe4 26. Rxe4 Qd7 27.
Qe3 Qc6 28. f3 e5 29. Qxa7 Rf8 30. Qe3 Rf7 31. Qd3 Rd7 32. Re2 Rf7 33. Rd2 Rf6
34. Qd5+ Kf8 35. b4 Ke7 36. a3 Rf8 37. c5 Qxd5 38. Rxd5 dxc5 39. Rxe5+ Kd6 40.
Rxc5 Ra8 41. Rc3 b6 42. Kf2 Ra7 43. Ke3 Kd5 44. Kd3 h5 45. f4 Rf7 46. Ke3 Ra7
47. Kd3 Rf7 48. Ke3 {